G20青银高速公路途经的地级和县级行政区 - 地图版 - Statistics

General Stats
  • This quiz has been taken 31 times
  • The average score is 56 of 73
Answers on the Map
Answers color-coded by a green-red scale on the quiz's map according to % correct below.
 
Answer Stats
行政区 % Correct
崂山区
92%
历城区
92%
潍坊市
92%
李沧区
88%
胶州市
88%
青州市
88%
城阳区
85%
即墨区
85%
寿光市
85%
张店区
85%
章丘区
85%
天桥区
85%
郊区
85%
小店区
85%
青岛市
85%
淄博市
85%
济南市
85%
德州市
85%
聊城市
85%
邢台市
85%
晋中市
85%
太原市
85%
吴忠市
85%
银川市
85%
高密市
81%
潍城区
81%
周村区
81%
济阳区
81%
井陉县
81%
石家庄市
81%
阳泉市
81%
吕梁市
81%
榆林市
81%
奎文区
77%
寒亭区
77%
昌乐县
77%
临淄区
77%
齐河县
77%
晋源区
77%
靖边县
77%
定边县
77%
灵武市
77%
滨州市
77%
昌邑市
73%
坊子区
73%
邹平市
73%
鹿泉区
73%
榆次区
73%
汾阳市
73%
离石区
73%
盐池县
73%
兴庆区
73%
禹城市
69%
威县
69%
赵县
69%
平定县
69%
清徐县
69%
柳林县
69%
吴堡县
69%
绥德县
69%
子洲县
69%
清河县
65%
南宫市
65%
元氏县
65%
交城县
65%
文水县
65%
高唐县
62%
夏津县
62%
新河县
62%
宁晋县
62%
栾城区
62%
寿阳县
62%
横山区
62%
No matching quizzes found
Score Distribution
Percent of People with Each Score
Percentile by Number Answered
Your Score History
You have not taken this quiz